Sistema de control informático de registros de personal y generación de nóminas de Farmacias Europeas S,A.
Este documento consiste en la elaboración de un sistema de control de personal y generación de nóminas de Farmacia Europeas S, A. Esta aplicación permite la automatización de los procesos relacionados al control e ingreso de personal y generación de nóminas.
| Main Authors: | , |
|---|---|
| Other Authors: | |
| Format: | Tesis Section = Libro |
| Language: | Undetermined Spanish |
| Published: |
Managua
UNI
2017
|
| Subjects: |
| LEADER | 01244nam a2200289Ia 4500 | ||
|---|---|---|---|
| 008 | 240830s9999 xx 000 0 und d | ||
| 040 | |a BIBLIOTECA-RUSB/ Mon 005.362 Z25 | ||
| 041 | |a spa | ||
| 082 | |a Mon 005.362 Z25 | ||
| 100 | 1 | |a Zamora Rodríguez, Lester Rodolfo | |
| 100 | 1 | |b Guzmán Mayorga, Santiago Ramón | |
| 245 | 1 | 0 | |a Sistema de control informático de registros de personal y generación de nóminas de Farmacias Europeas S,A. |
| 260 | |a Managua |b UNI |c 2017 | ||
| 300 | |a 145 p. :il. | ||
| 500 | |a Contiene: anexos e Incluye: CD. | ||
| 502 | |a Tesis (Ingeniero en Computación) - UNI, 2017. | ||
| 520 | 3 | |a Este documento consiste en la elaboración de un sistema de control de personal y generación de nóminas de Farmacia Europeas S, A. Esta aplicación permite la automatización de los procesos relacionados al control e ingreso de personal y generación de nóminas. | |
| 650 | 7 | |a HERRAMIENTA INFORMATICA | |
| 650 | 7 | |b BASES DE DATOS | |
| 650 | 7 | |c SISTEMA AUTOMATIZADO DE INFORMACION | |
| 650 | 7 | |d REGISTRÓ DE USUARIO | |
| 650 | 7 | |e INGENIERIA DE SOFTWARE | |
| 650 | 7 | |f ESTRATEGIAS DE NEGOCIO | |
| 700 | 1 | |a Tutor: |b Flores Quintana, Gloria Thalía | |
| 942 | |c BK |2 ddc | ||
| 991 | |a TESIS | ||
| 999 | |c 19731 | ||